000 01343cam a22001934a 4500
005 20250605163930.0
008 250528s ||||||||||||||||||||||||d
035 _a14639
020 _a9602705922
040 _aGR-AtMCL
_bgre
_dGR-AtMCL
_eAACR2
245 1 _aΕγκέφαλος και Πνεύμα / Πολυπλοκότητα και Πλαστικότητα
260 _bΓκοβοστή,
_c1991
300 _a240
520 _aΟ Εγκέφαλος κατευθύνει τη συμπεριφορά μας, αλλά και τη λειτουργία όλων των οργάνων του σώματος μας. Εισαγωγή, Η Γένεση του Εγκεφάλου και του Πνεύματος, Ο Εγκέφαλος και η Ευφυϊα, Οι Λειτουργικές Εντοπίσεις και η Οργάνωση του Εγκεφάλου, Οι Μηχανισμοί του Εγκεφάλου και η Νευρομεταβίβαση, Ο Ύπνος, Η Μνήμη, Το Ειδικό Πνεύμα και το Προσωπικό Πνεύμα, Το Πνεύμα και ο Λόγος, Η Πλαστικότητα του Πνεύματος, Συμπεράσματα, Βιβλιογραφία, Ευρετήριο, Μικρό Γλωσσάρι.
700 1 _aLazorthes Guy
_9372
942 _cBK
999 _c263
_d263